[Event "Amsterdam OHRA open"]
[Site "?"]
[Date "1989.??.??"]
[Round "1"]
[White "Mohr, Stefan"]
[Black "Crisan, Alexandru"]
[Result "1-0"]
[WhiteElo "2485"]
[BlackElo "2315"]
[PlyCount "85"]
[EventDate "1989.07.??"]

1. d4 Nf6 2. c4 c5 3. d5 b5 4. cxb5 a6 5. e3 Bb7 6. Nc3 axb5 7. Bxb5 Qa5 8.
Nge2 Bxd5 9. O-O Bc6 10. Qd3 g6 11. e4 d6 12. f4 Bg7 13. e5 dxe5 14. fxe5 Nfd7
15. e6 fxe6 16. Bxc6 Nxc6 17. Qh3 Qb6 18. Qxe6 Nd8 19. Qe4 Rc8 20. Bg5 Qe6 21.
Qh4 h6 22. Bd2 g5 23. Qh5+ Nf7 24. Ng3 O-O 25. Nf5 Nfe5 26. Nxg7 Kxg7 27. Rfe1
Rf5 28. Qe2 Rcf8 29. Ne4 Qc4 30. Ng3 Rf2 31. Qxc4 Nxc4 32. Rxe7+ R8f7 33. Bc3+
Kf8 34. Rxd7 Rxd7 35. Kxf2 Nxb2 36. Bxb2 Rd2+ 37. Ne2 Rxb2 38. a4 Rb6 39. a5
Ra6 40. Ke3 Ke7 41. Kd3 Kd6 42. Kc4 Kc6 43. Nc3 1-0

[Event "Amsterdam OHRA open"]
[Site "?"]
[Date "1989.??.??"]
[Round "2"]
[White "Mednis, Edmar"]
[Black "Azmaiparashvili, Zurab"]
[Result "0-1"]
[WhiteElo "2430"]
[BlackElo "2590"]
[PlyCount "110"]
[EventDate "1989.07.??"]

1. e4 d6 2. d4 g6 3. Nf3 Bg7 4. Be2 Nf6 5. Nc3 O-O 6. O-O c6 7. Re1 Qa5 8. Bf4
Nbd7 9. Nd2 Qc7 10. d5 a6 11. a4 Rb8 12. a5 cxd5 13. exd5 b5 14. axb6 Nxb6 15.
Nb3 Bb7 16. Bf3 Nc4 17. Na4 Nd7 18. Rxe7 Nce5 19. Bxe5 Bxe5 20. Bg4 f5 21. Bf3
Qd8 22. Re6 Nf6 23. c4 Bc8 24. Nd4 Qc7 25. Rc1 Bxd4 26. Qxd4 Bxe6 27. dxe6 Rb4
28. b3 Qe7 29. Re1 Ne4 30. Nc3 Qxe6 31. Nxe4 fxe4 32. Bxe4 Qf6 33. Bd5+ Kh8 34.
Qxf6+ Rxf6 35. Re3 a5 36. g3 Rf8 37. Bc6 Rb6 38. Ba4 Kg7 39. Rd3 Rf5 40. Kg2 g5
41. Rd4 Kf6 42. Bd7 Rc5 43. Ba4 h6 44. h4 d5 45. cxd5 Ke5 46. Rg4 Rb4 47. Kh3
Rxg4 48. Kxg4 gxh4 49. Kxh4 Rxd5 50. f4+ Kf5 51. Kh5 Rd3 52. b4 Rd2 53. g4+ Kf6
54. g5+ hxg5 55. bxa5 Kf5 0-1

[Event "Amsterdam OHRA open"]
[Site "?"]
[Date "1989.??.??"]
[Round "2"]
[White "Peelen, Piet"]
[Black "Sosonko, Gennadi"]
[Result "0-1"]
[WhiteElo "2385"]
[BlackElo "2540"]
[PlyCount "88"]
[EventDate "1989.07.??"]

1. g3 d5 2. Bg2 e5 3. d3 Nf6 4. Nf3 Nc6 5. O-O Be7 6. Nbd2 O-O 7. e4 d4 8. Nc4
Nd7 9. Bh3 Bf6 10. Ne1 Nb6 11. Bxc8 Qxc8 12. Nxb6 axb6 13. f4 exf4 14. Bxf4 Be5
15. Qd2 f5 16. Bxe5 Nxe5 17. Qg5 h6 18. Qh5 Ng4 19. Rxf5 Rxf5 20. Qxf5 Qxf5 21.
exf5 Ne3 22. Ng2 Nxf5 23. Rf1 Ra5 24. a3 g5 25. g4 Ne7 26. Re1 Kf7 27. Re4 c5
28. Ne1 Nd5 29. Nf3 Ra8 30. Ne5+ Kg7 31. Nc4 Rd8 32. h3 b5 33. Nd2 Rd7 34. Nf1
Nf4 35. h4 c4 36. hxg5 hxg5 37. Re5 Rd5 38. Rxd5 Nxd5 39. Ng3 Ne3 40. Ne2 Nxc2
41. Nc1 Kf6 42. Kf2 Ke5 43. a4 Nb4 44. dxc4 bxc4 0-1

[Event "Amsterdam OHRA open"]
[Site "?"]
[Date "1989.??.??"]
[Round "3"]
[White "Douven, Rudy"]
[Black "Vanheste, Jeroen"]
[Result "1/2-1/2"]
[WhiteElo "2475"]
[BlackElo "2410"]
[PlyCount "46"]
[EventDate "1989.07.??"]

1. d4 Nf6 2. c4 g6 3. Nc3 d5 4. cxd5 Nxd5 5. e4 Nxc3 6. bxc3 Bg7 7. Bc4 c5 8.
Ne2 Nc6 9. Be3 O-O 10. O-O Qc7 11. Rc1 Rd8 12. Bf4 Qd7 13. d5 Na5 14. Bd3 e6
15. c4 b5 16. cxb5 exd5 17. Qa4 Nc4 18. Bxc4 dxc4 19. Qxc4 Qb7 20. Be3 Be6 21.
Qxc5 Qxe4 22. Nf4 Bxa2 23. Rfe1 Qb7 1/2-1/2

[Event "Amsterdam OHRA open"]
[Site "?"]
[Date "1989.??.??"]
[Round "3"]
[White "Hulak, Krunoslav"]
[Black "Gelfand, Boris"]
[Result "0-1"]
[WhiteElo "2550"]
[BlackElo "2590"]
[PlyCount "98"]
[EventDate "1989.07.??"]

1. d4 Nf6 2. c4 g6 3. g3 Bg7 4. Bg2 O-O 5. Nf3 d6 6. O-O Nbd7 7. Nc3 e5 8. e4
exd4 9. Nxd4 Nc5 10. h3 Re8 11. Re1 Bd7 12. Rb1 Qc8 13. g4 h5 14. f3 a6 15. Be3
Rb8 16. b4 Ne6 17. Nde2 hxg4 18. hxg4 b5 19. cxb5 axb5 20. Qd2 Ra8 21. Rbc1 Ra3
22. Rc2 Qa6 23. Nb1 Ra4 24. Ng3 Bc8 25. g5 Nd7 26. f4 c5 27. bxc5 Nd4 28. c6
Nb6 29. Bxd4 Bxd4+ 30. Kh2 Bc5 31. Bh3 Nc4 32. Qd3 Qxc6 33. Bxc8 Qxc8 34. Qf3
Kg7 35. Kg2 Rh8 36. f5 Ne5 37. Qb3 Rc4 38. Rxc4 bxc4 39. Qc3 Qd8 40. Nd2 Qxg5
41. Nxc4 f6 42. Nxe5 fxe5 43. Rf1 Qg4 44. f6+ Kf8 45. Qa5 Qh3+ 46. Kf3 Qc8 47.
Qd2 Qe6 48. Qg5 Kf7 49. a4 Rh2 0-1

[Event "Amsterdam OHRA open"]
[Site "?"]
[Date "1989.??.??"]
[Round "4"]
[White "Azmaiparashvili, Zurab"]
[Black "Hulak, Krunoslav"]
[Result "1/2-1/2"]
[WhiteElo "2590"]
[BlackElo "2550"]
[PlyCount "96"]
[EventDate "1989.07.??"]

1. c4 c5 2. Nf3 Nf6 3. Nc3 e6 4. g3 b6 5. Bg2 Bb7 6. O-O Be7 7. Re1 d6 8. e3
O-O 9. b3 Nbd7 10. Bb2 Rb8 11. Qe2 a6 12. d4 Ne4 13. Nxe4 Bxe4 14. Rad1 Qc7 15.
d5 exd5 16. cxd5 Bf6 17. Bxf6 Nxf6 18. Nh4 b5 19. Bxe4 Nxe4 20. Qc2 Rfe8 21. f3
Nf6 22. e4 c4 23. Nf5 Nd7 24. Kg2 g6 25. Nh6+ Kg7 26. Ng4 Rbc8 27. Qc3+ f6 28.
b4 Ne5 29. Nf2 a5 30. bxa5 Ra8 31. f4 Nd7 32. Re2 Qxa5 33. Qd4 Qa7 34. Qxa7
Rxa7 35. Rb1 Rb8 36. Reb2 Nc5 37. e5 fxe5 38. fxe5 c3 39. Rc2 b4 40. exd6 Ra4
41. Rxc3 bxc3 42. Rxb8 c2 43. d7 Nxd7 44. Rc8 Rxa2 45. Rc7 Kf6 46. Kh3 g5 47.
Ng4+ Kg6 48. Ne3 Nf6 1/2-1/2

[Event "Amsterdam OHRA open"]
[Site "?"]
[Date "1989.??.??"]
[Round "4"]
[White "Psakhis, Lev"]
[Black "Mohr, Stefan"]
[Result "1-0"]
[WhiteElo "2565"]
[BlackElo "2485"]
[PlyCount "83"]
[EventDate "1989.07.??"]

1. c4 e5 2. Nc3 d6 3. g3 g6 4. d4 Nd7 5. Nf3 Bg7 6. Bg2 Nh6 7. O-O O-O 8. h3 c6
9. e4 f5 10. Bg5 Qe8 11. Re1 Nf7 12. Be3 Qe7 13. Qd2 Nf6 14. exf5 gxf5 15. c5
e4 16. cxd6 Qxd6 17. Bf4 Qd8 18. Ne5 Nd5 19. Nxf7 Rxf7 20. Be5 Bxe5 21. dxe5
Be6 22. f4 Rd7 23. Nxd5 Rxd5 24. Qf2 Rd2 25. Re2 Rd3 26. Kh2 Qd7 27. a3 Kh8 28.
Re3 Qd4 29. Rae1 Rd2 30. R1e2 Rd8 31. g4 Rxe2 32. Qxe2 Rg8 33. Rg3 c5 34. Qe1
fxg4 35. hxg4 Bxg4 36. Qxe4 Qd8 37. Qe3 Qh4+ 38. Kg1 Rd8 39. e6 Re8 40. f5 h5
41. Qh6+ Kg8 42. Qg6+ 1-0

[Event "Amsterdam OHRA open"]
[Site "?"]
[Date "1989.??.??"]
[Round "4"]
[White "Vanheste, Jeroen"]
[Black "Garcia Callejo, Jesus"]
[Result "1/2-1/2"]
[WhiteElo "2410"]
[BlackElo "2300"]
[PlyCount "74"]
[EventDate "1989.07.??"]

1. d4 d5 2. c4 c6 3. Nc3 Nf6 4. e3 Bf5 5. Qb3 Qb6 6. cxd5 Qxb3 7. axb3 Nxd5 8.
Kd1 Nd7 9. f3 Nxc3+ 10. bxc3 e5 11. e4 Be6 12. Kc2 Be7 13. Be3 f5 14. Bd3 O-O
15. Ne2 a6 16. Rad1 Rad8 17. exf5 Bxf5 18. Bxf5 Rxf5 19. d5 Nb8 20. dxc6 Nxc6
21. Bb6 Rxd1 22. Rxd1 Rf7 23. Ng3 Kf8 24. Ne4 Ke8 25. Rd5 h6 26. Bc7 Rf5 27.
Kd3 Kf7 28. Ke3 Ke6 29. c4 Rf8 30. Bd6 Bxd6 31. Rxd6+ Ke7 32. Rd5 Rd8 33. Rxd8
Nxd8 34. Nc5 a5 35. Ke4 Kd6 36. Nd3 Ne6 37. Nc1 g6 1/2-1/2

[Event "Amsterdam OHRA open"]
[Site "?"]
[Date "1989.??.??"]
[Round "6"]
[White "Gelfand, Boris"]
[Black "Azmaiparashvili, Zurab"]
[Result "1/2-1/2"]
[WhiteElo "2590"]
[BlackElo "2590"]
[PlyCount "93"]
[EventDate "1989.07.??"]

1. d4 d6 2. e4 Nf6 3. Nc3 g6 4. Be2 Bg7 5. Nf3 Bg4 6. h3 Bxf3 7. Bxf3 Nc6 8.
Ne2 O-O 9. Bg5 e5 10. d5 Nd4 11. Nxd4 exd4 12. O-O Re8 13. Re1 Qd7 14. Qd2 Qb5
15. a4 Qc5 16. a5 Nd7 17. b4 Qc3 18. Qxc3 dxc3 19. a6 Rab8 20. Be3 bxa6 21.
Rxa6 Rxb4 22. Rxa7 Rc4 23. Be2 Rcxe4 24. Bb5 R4e7 25. Rxc7 Nf6 26. Rxe7 Rxe7
27. Bc6 Bh6 28. Kf1 Bxe3 29. Rxe3 Rxe3 30. fxe3 Ne4 31. Ke2 Nc5 32. e4 Nxe4 33.
Ke3 f5 34. g4 Nf6 35. gxf5 g5 36. Kd4 h5 37. Bb5 Kg7 38. Be2 Kh6 39. Kxc3 Nxd5+
40. Kd4 Nf4 41. Bf1 h4 42. c4 Kg7 43. c5 dxc5+ 44. Kxc5 Kf6 45. Kd4 Kxf5 46.
Ke3 Ne6 47. Ba6 1/2-1/2

[Event "Amsterdam OHRA open"]
[Site "?"]
[Date "1989.??.??"]
[Round "7"]
[White "Cifuentes Parada, Roberto"]
[Black "Kuijf, Marinus"]
[Result "1/2-1/2"]
[WhiteElo "2470"]
[BlackElo "2530"]
[PlyCount "98"]
[EventDate "1989.07.??"]

1. c4 c6 2. Nc3 d5 3. d4 Nf6 4. e3 e6 5. Nf3 Nbd7 6. Be2 Bd6 7. O-O O-O 8. b3
dxc4 9. bxc4 e5 10. Qb3 Qe7 11. Re1 Re8 12. a4 e4 13. Nd2 c5 14. Nf1 Nf8 15.
Nb5 cxd4 16. exd4 Bb8 17. Ba3 Qd8 18. Rad1 Ne6 19. c5 a6 20. Nd6 Bxd6 21. cxd6
Bd7 22. Bb2 b5 23. Ne3 Nf4 24. Bf1 bxa4 25. Qa2 Ng4 26. h3 Nxe3 27. fxe3 Ne6
28. Ba3 Qg5 29. Rc1 Rab8 30. Rc3 Rb3 31. Rec1 Qg3 32. Qf2 Qg6 33. Kh1 a5 34.
Bc4 Rxc3 35. Rxc3 Rc8 36. Rc2 h6 37. Bd5 Re8 38. Bc6 Bxc6 39. Rxc6 Rd8 40. Qc2
Nf8 41. Rc8 Qg5 42. Rxd8 Qxd8 43. Qxe4 Qc8 44. Qe7 f6 45. Bc5 Nd7 46. Qe6+ Kf8
47. Qe7+ Kg8 48. Qe6+ Kf8 49. Qe7+ Kg8 1/2-1/2

[Event "Amsterdam OHRA open"]
[Site "?"]
[Date "1989.??.??"]
[Round "8"]
[White "Blatny, Pavel"]
[Black "Rodriguez, Amador"]
[Result "0-1"]
[WhiteElo "2470"]
[BlackElo "2505"]
[PlyCount "78"]
[EventDate "1989.07.??"]

1. e4 e5 2. Nf3 Nc6 3. Bb5 a6 4. Ba4 Nf6 5. O-O Be7 6. d4 exd4 7. Re1 b5 8. Bb3
d6 9. Bd5 Nxd5 10. exd5 Ne5 11. Nxd4 O-O 12. f4 Bg4 13. Qd2 Nc4 14. Qf2 Bh4 15.
g3 Bf6 16. Nc6 Qd7 17. Nc3 Bxc3 18. bxc3 Rae8 19. Bd2 Bf5 20. Qd4 Bxc2 21. Nb4
Bf5 22. a4 Nxd2 23. Qxd2 bxa4 24. Nc6 Rxe1+ 25. Rxe1 Re8 26. c4 h5 27. Kf2 a3
28. Qa2 Rxe1 29. Kxe1 Qe8+ 30. Kd2 Bg4 31. Qxa3 Qe2+ 32. Kc3 Qe3+ 33. Kb2 Qd2+
34. Ka1 Qxh2 35. Qb3 Qd2 36. Qb8+ Kh7 37. Qb1+ g6 38. Qb7 Qc1+ 39. Qb1 Qxc4 0-1

[Event "Amsterdam OHRA open"]
[Site "?"]
[Date "1989.??.??"]
[Round "9"]
[White "Garcia Callejo, Jesus"]
[Black "Peelen, Piet"]
[Result "1-0"]
[WhiteElo "2300"]
[BlackElo "2385"]
[PlyCount "117"]
[EventDate "1989.07.??"]

1. e4 c6 2. d4 d5 3. e5 Bf5 4. Nc3 e6 5. g4 Bg6 6. Nge2 c5 7. h4 Nc6 8. Be3
cxd4 9. Nxd4 h5 10. Bb5 Nge7 11. f4 hxg4 12. Qxg4 a6 13. Ba4 Rc8 14. h5 Bf5 15.
Qe2 b5 16. Ncxb5 axb5 17. Qxb5 f6 18. Qa6 Kf7 19. Bxc6 Nxc6 20. Nxc6 Qc7 21.
Nd4 fxe5 22. Nxf5 Qxc2 23. Nd6+ Bxd6 24. Qxd6 Qe4 25. Qd7+ Kf6 26. fxe5+ Kxe5
27. Qxg7+ Kd6 28. Qg3+ e5 29. Rf1 Rhg8 30. Qf3 Qh4+ 31. Kd1 Rcf8 32. Qe2 Rxf1+
33. Qxf1 Qxh5+ 34. Kd2 d4 35. Qf6+ Kd5 36. Bf2 Rc8 37. Re1 Rc6 38. Qg7 Qf5 39.
Qg2+ Kd6 40. Ke2 Rc2+ 41. Kf1 d3 42. Rd1 e4 43. Qg3+ Kd5 44. Qe3 Qh7 45. Kg1
Qg7+ 46. Kf1 Qh7 47. Qg5+ Ke6 48. Kg1 Rc8 49. Bg3 Qa7+ 50. Bf2 Qb8 51. Qg6+ Kd5
52. Qf7+ Kc6 53. Rc1+ Kb5 54. Qb3+ Ka5 55. Qa3+ Kb5 56. Rc5+ Rxc5 57. Qxc5+ Ka6
58. Qc6+ Ka5 59. Be1+ 1-0